| 000 | 00624nam a2200205 i 4500 | ||
|---|---|---|---|
| 001 | 78961 | ||
| 003 | ES-MaACL | ||
| 005 | 20250830095354.0 | ||
| 007 | t| | ||
| 008 | 041018s1934 gw ||||1| ger d | ||
| 100 | 1 |
_aHeller, Hermann. _962441 |
|
| 245 | 1 | 0 |
_aStaatslehre / _cHermann Heller ; herausgegeben von Gerhart Niemeyer. |
| 260 |
_aLeiden : _bA. W. Sijthoff's Uitgeversmaatschappij, _c1934. |
||
| 300 |
_aXVI, 298 p. ; _c25 cm. |
||
| 650 | 7 |
_aPolĂtica _2embne _9140345 |
|
| 650 | 0 | 7 |
_aEstado _2embne _912523 |
| 700 | 1 |
_aNiemeyer, Gerhart. _985639 |
|
| 852 |
_aES-MaACL _jA-2934 |
||
| 999 |
_c78961 _d78961 |
||